Essentials of discrete mathematics (Record no. 187)
[ view plain ]
| 000 -LEADER | |
|---|---|
| fixed length control field | 00463 a2200181 4500 |
| 001 - CONTROL NUMBER | |
| control field | 065961 |
| 003 - CONTROL NUMBER IDENTIFIER | |
| control field | OSt |
| 005 - DATE AND TIME OF LATEST TRANSACTION | |
| control field | 20251210144451.0 |
| 008 - FIXED-LENGTH DATA ELEMENTS--GENERAL INFORMATION | |
| fixed length control field | |
| 082 ## - DEWEY DECIMAL CLASSIFICATION NUMBER | |
| Classification number | 511.1 |
| Item number | H91E |
| 100 1# - MAIN ENTRY--PERSONAL NAME | |
| Personal name | Hunter, David J. |
| 245 1# - TITLE STATEMENT | |
| Title | Essentials of discrete mathematics |
| Statement of responsibility, etc | By David J. Hunter |
| 260 ## - PUBLICATION, DISTRIBUTION, ETC. (IMPRINT) | |
| Place of publication, distribution, etc | Boston |
| Name of publisher, distributor, etc | Jones & Bartlett |
| Date of publication, distribution, etc | 2010 |
| 300 ## - PHYSICAL DESCRIPTION | |
| Extent | 450p. |
| 500 ## - GENERAL NOTE | |
| General note | English |
| 690 ## - LOCAL SUBJECT ADDED ENTRY--TOPICAL TERM (OCLC, RLIN) | |
| Topical term or geographic name as entry element | Computer science--Mathematics |
| 942 ## - ADDED ENTRY ELEMENTS (KOHA) | |
| Source of classification or shelving scheme | Dewey Decimal Classification |
| Koha item type | Books |
| Withdrawn status | Lost status | Source of classification or shelving scheme | Damaged status | Not for loan | Collection code | Home library | Current library | Department | Date acquired | Source of acquisition | Coded location qualifier | Cost, normal purchase price | Inventory number(Invoice/Date) | Total Checkouts | Full call number | Barcode | Date last seen | Date checked out | Price effective from | Koha item type | Public note |
|---|---|---|---|---|---|---|---|---|---|---|---|---|---|---|---|---|---|---|---|---|---|
| Dewey Decimal Classification | General Text Book | Central University Of Rajasthan | Central University Of Rajasthan | Mathematics Project Books | 07/03/2012 | MTH | Book Fair | 425.00 | 15/03-02-2010 | 2 | 511.1 H91E | 247 | 02/12/2024 | 21/11/2024 | 02/09/2020 | Books | Boston John And Bartlett | ||||
| Dewey Decimal Classification | General Text Book | Central University Of Rajasthan | Central University Of Rajasthan | Mathematics Project Books | 07/03/2012 | MTH | Book Fair | 425.00 | 15/03-02-2010 | 2 | 511.1 H91E | 248 | 21/11/2024 | 28/11/2023 | 02/09/2020 | Books | Boston John And Bartlett |
